| 000 | 01038nam a2200301 a 4500 | ||
|---|---|---|---|
| 001 | vtls000218196 | ||
| 003 | NLI | ||
| 005 | 20210602121039.0 | ||
| 008 | 101126s2002 ii 000 0 eng | ||
| 020 |
_a8174963820 (pbk.) : _cRs. 135.00 |
||
| 039 | 9 |
_y201011260122 _zVLOAD |
|
| 040 | 0 |
_aNLI _beng _cDatasoft 1 _eAACR2 |
|
| 041 | 0 | _aeng | |
| 044 | _aii | ||
| 082 | 0 | 4 | _a343.040263 |
| 245 | 0 | 0 |
_aTaxmann's indirect tax laws : _bas amended by finance Act, 2003 |
| 246 | 0 | _aIndirect Tax Laws, as amended by Finance Act, 2002 | |
| 260 |
_aMadras : _bTaxmann Allied Services, _c2002 |
||
| 300 |
_aVarious pagings ; _c25 cm. |
||
| 650 | 0 |
_aIndirect taxation _xLaw and legislation _zIndia _9402885 |
|
| 710 | 2 |
_aTaxmann Allied Services (Madras, India) _9402886 |
|
| 887 | _a | ||
| 901 |
_aDB85888 _b12.07.2002 |
||
| 902 | _aE 343.040263 In 2 | ||
| 949 |
_AVIRTUAITEM _D10000 _X100 _6DBA000085888ENG |
||
| 942 |
_2ddc _cBKS |
||
| 999 |
_aVIRTUA40 _c219800 _d219800 |
||
| 999 | _aVTLSSORT0080*0200*0400*0410*0440*0820*2450*2460*2600*3000*6500*7100*9010*9020*9490*9991 | ||